Cores - Statistics

Estatísticas Gerais
  • Esse quiz foi jogado 105 vezes
  • A pontuação média é 9 de 15
Estatísticas das Respostas
Hint Resposta % Correto
O seu oposto é a cor preto Branco
96%
É uma das três cores-luz primárias (ciano), e uma cor-pigmento primária Azul
93%
É formada pelo vermelho e o amarelo Laranja
93%
É o oposto exato do branco Preto
93%
É uma cor-pigmento primária e cor-luz secundária, resultado da sobreposição das cores verde e vermelho Amarelo
87%
É uma cor intermediária entre magenta e vermelho, sendo assim uma cor quente Rosa
82%
É a cor das castanhas, de diversos mamíferos e dos olhos da maioria das pessoas Castanho
70%
É uma cor similar ao violeta, uma nuance mais clara do rosa. Lilás
69%
É uma cor próxima ao branco Bege
64%
Está posicionada entre o azul e o vermelho Magenta
42%
É um tom metálico semelhante ao cinzento, próximo à aparência da prata polida Prateado
38%
Literalmente da cor do vinho tinto de Bordéus - Bordeaux) é uma variação de tom da cor vermelha,um pouco mais escuro que a cor grená Bordô
33%
É a cor intermediária entre o branco e preto Cinzento
33%
É uma denominação de certos tons da cor vermelha, referente às cores da gema granada Grená
21%
É um tom verde particularmente claro e brilhante, com uma porção desmaiada de azul Esmeralda
14%
Nenhum quiz correspondente encontrado
Distribuição das Pontuações
Porcentagem de Pessoas com Cada Pontuação
Percentil de Números Respondidos
Sua Pontuação Histórica
Você não jogou esse quiz